Les Matchs d'Ouverture des Coupes du Monde de Football depuis 1966 - Statistiques

Statistiques générales
  • Ce quiz a été pris 786 fois
    302 depuis la dernière actualisation
  • Le résultat moyen est 19 sur 25
Statistiques - réponses
Réponse % Correct
Brésil
98%
URSS
98%
France
97%
Qatar
97%
Russie
97%
Afrique du Sud
94%
Allemagne
93%
RFA
93%
Argentine
90%
Italie
89%
Mexique
87%
Angleterre
86%
Equateur
82%
Uruguay
79%
Arabie Saoudite
77%
Sénégal
72%
Croatie
69%
Yougoslavie
60%
Belgique
56%
Cameroun
55%
Pologne
52%
Ecosse
47%
Costa Rica
44%
Bulgarie
40%
Bolivie
28%
Aucun quiz correspondant
Distribution des résultats
% des personnes avec chaque résultat
Percentile par nombre de réponses
Votre historique - résultats
Vous n’avez pas pris ce quiz depuis la dernière actualisation